[Event "Hallstahammar op"]
[Site "Hallstahammar"]
[Date "2003.09.14"]
[Round "7"]
[White "Johansson, Viktoria"]
[Black "Mansson, Anders"]
[Result "1-0"]
[WhiteElo "2238"]
[BlackElo "1633"]
[PlyCount "97"]
[EventDate "2003.09.12"]
[EventType "swiss"]
[EventRounds "7"]
[EventCountry "SWE"]
[SourceTitle "CBM 096 Extra"]
[Source "ChessBase"]
[SourceDate "2003.10.22"]
[SourceVersion "2"]
[SourceVersionDate "2003.10.20"]
[SourceQuality "1"]

1. d4 Nf6 2. Nf3 d5 3. g3 g6 4. Bg2 Bg7 5. 0-0 0-0 6. c4 dxc4 7. Qa4 Bg4 8. Qxc4 c6 9. Nc3 Be6 10. Qd3 b5 11. Rd1 Nd5 12. Nxd5 Bxd5 13. e4 Be6 14. Be3 a5 15. Qd2 Bg4 16. h3 Bxf3 17. Bxf3 Ra7 18. Bh6 Rd7 19. Bxg7 Kxg7 20. Qe3 Re8 21. Rac1 Qb6 22. d5 cxd5 23. Rxd5 Red8 24. Qc5 Qxc5 25. Rcxc5 Na6 26. Rxb5 Rxd5 27. exd5 a4 28. Ra5 Nb4 29. Rxa4 Nd3 30. b3 Rc8 31. Rc4 Ra8 32. Be4 Ne5 33. Rc2 f5 34. Bg2 Rd8 35. Rd2 Rc8 36. f4 Rc1+ 37. Kf2 Nf7 38. Bf1 Nd6 39. Bd3 Rc5 40. Bc2 Kf6 41. a4 Rc3 42. a5 g5 43. fxg5+ Kxg5 44. a6 h5 45. a7 Rc8 46. Bd3 Ra8 47. Ra2 Nc8 48. Kf3 Nb6 49. Ra6 1-0